| 000 | 01416cam a2200349 a 4500 | ||
|---|---|---|---|
| 001 | 15954420 | ||
| 005 | 20141015124335.0 | ||
| 006 | m||||f ||z 00| 0 | ||
| 008 | 091021t2010 xxua frb 001 0 eng d | ||
| 020 | _a9781439811511 (hardcover : alk. paper) | ||
| 020 | _a1439811512 (hardcover : alk. paper) | ||
| 040 |
_aDLC _cDLC _dBTCTA _dYDXCP _dUKM _dC#P _dBWX _dIXA _dDLC _dEG-ScBUE |
||
| 082 | 0 | 0 |
_a697 _222 _bKRE |
| 100 | 1 |
_aKreider, Jan F., _d1942- _917790 |
|
| 245 | 1 | 0 |
_aHeating and cooling of buildings : _bdesign for efficiency / _cJan F. Kreider, Peter S. Curtiss, Ari Rabl. |
| 250 |
_a2nd ed., _brevised. |
||
| 260 |
_aBoca Raton, United States : _bCRC Press / Taylor & Francis, _cc.2010. |
||
| 300 |
_axix, 843 p. : _bill. ; _c27 cm. + _eCD-ROM (4 3/4 in.) |
||
| 490 | 1 | _aMechanical engineering series | |
| 500 | _aIncludes appendixes. | ||
| 500 | _aIndex : p. 831-843. | ||
| 504 | _aIncludes bibliographical references. | ||
| 650 | 0 |
_aHeating _xEquipment and supplies _xDesign and construction _936218 |
|
| 650 | 0 |
_aVentilation _xEquipment and supplies _xDesign and construction _936219 |
|
| 650 | 0 |
_aAir conditioning _xEquipment and supplies _xDesign and construction _936220 |
|
| 653 |
_bENGMEC _cOctober2014 |
||
| 655 |
_vreading book _934232 |
||
| 700 | 1 |
_aCurtiss, Peter _936221 |
|
| 700 | 1 |
_aRabl, Ari _929731 |
|
| 830 | 0 | _aMechanical engineering series (Boca Raton, Fla.) | |
| 942 |
_2ddc _k697 KRE |
||
| 999 |
_c18456 _d18428 |
||